Score 0/20 Timer 01:00
0 Plays Today
Question Answer Wrong Answers
(1965) I Dream of _______ Dragons
93.7%
Jeannie
3.2%
(1962) The ________ Hillbillies Silly
93.6%
Beverly
2.2%
(1984) ________, She Wrote Mysteries
93.3%
Murder
1.5%
(1991) ________ Improvement Self
93.1%
Home
2.8%
(1992) Mad About ______ Everything
93.1%
You
2.2%
(1996) Everybody Loves _______ Chris
93.1%
Raymond
2.6%
(1972) Sanford and ________ Steptoe
92.9%
Son
2.9%
(2003) _______ Case Gold
92.8%
Cold
2.8%
(1988) Murphy ________ Bed
92.8%
Brown
2.7%
(1984) Who's the _______? Dad
92.3%
Boss
3.5%
(1960) My _______ Sons Teen
90.5%
Three
5%
(1977) The Love _______ Triangle
90.3%
Boat
5.8%
(1948) ________ Camera Security
89.4%
Candid
5.9%
(1960) The ________ Griffith Show Merv
89.2%
Andy
7%
(1974) Happy _______ Gilmore
87.2%
Days
9%
(1965) Get _______ Carter
86.2%
Smart
9.9%
(1982) Knight _______ Court
85.4%
Rider
10.2%
(1975) Barney _______ Rubble
83.5%
Miller
12.5%
(1975) Welcome Back, ________ Jack
80.9%
Kotter
14.9%
(1996) ________ Susan Seeking
76.6%
Suddenly
18.6%
Remove Ads.
Support Sporcle.
Get the best of Sporcle when you Go Orange. This ad-free experience offers more features, more stats, and more fun while also helping to support Sporcle. Thank you for becoming a member.

You're not logged in!

Compare scores with friends on all Sporcle quizzes.
OR
Log In

Show Comments

Extras

Created Oct 16, 2020ReportNominate
Tags:Blitz Quiz, TV Show Quiz

Top Quizzes Today


Score Distribution

Your Account Isn't Verified!

In order to create a playlist on Sporcle, you need to verify the email address you used during registration. Go to your Sporcle Settings to finish the process.

Report this User

Report this user for behavior that violates our Community Guidelines.

Details: